000
00339 a2200157 4500
001
63693
020
_a
850080749
040
_c
Anchieta - Pituba
100
_a
Voltaire
240
1
0
_a
Cândido, ou, O otimismo
_l
por
245
1
0
_a
Cândido, ou, O otimismo
300
_a
125
362
0
_a
1998
650
4
_a
Ficção francesa
942
_c
BK
999
_c
63693
_d
63693